书目信息 |
| 题名: |
全球化与社会发展理论研究
|
|
| 作者: | 林娅 主编 | |
| 分册: | ||
| 出版信息: | 北京 北京大学出版社 2006.08 |
|
| 页数: | 212页 | |
| 开本: | 21cm | |
| 丛书名: | 马克思主义与当代现实丛书 | |
| 单 册: | ||
| 中图分类: | D668 | |
| 科图分类: | ||
| 主题词: | 国际化--guo ji hua--影响--社会发展--研究--中国 | |
| 电子资源: | ||
| ISBN: | 7-301-10895-8 | |
| 000 | 00923nam 2200241 450 | |
| 001 | 012006118328 | |
| 005 | 20061220111636.59 | |
| 010 | @a7-301-10895-8@dCNY14.00 | |
| 100 | @a20061129d2006 km y0chiy0120 ea | |
| 101 | 0 | @achi |
| 102 | @aCN@b110000 | |
| 105 | @ay z 000yy | |
| 200 | 1 | @a全球化与社会发展理论研究@Aquan qiu hua yu she hui fa zhan li lun yan jiu@f林娅主编@Flin ya zhu bian |
| 210 | @a北京@c北京大学出版社@d2006.08 | |
| 215 | @a212页@d21cm | |
| 225 | 2 | @a马克思主义与当代现实丛书@Ama ke si zhu yi yu dang dai xian shi cong shu |
| 330 | @a本书介绍了研究全球化的方法论原则、全球化的概念和基础、现代科技革命与全球化、唯物史观与现代西方社会发展理论、处于全球化浪潮的中国与中国现代化等。 | |
| 410 | 0 | @12001 @a马克思主义与当代现实丛书 |
| 606 | 0 | @a国际化@Aguo ji hua@x影响@x社会发展@x研究@y中国 |
| 690 | @aD668@v4 | |
| 701 | 0 | @a林娅@Alin ya@4主编 |
| 801 | 0 | @aCN@c20061220 |
| 905 | @a10447@dD668@eL520 | |
| 全球化与社会发展理论研究/林娅主编.-北京:北京大学出版社,2006.08 |
| 212页;21cm.-(马克思主义与当代现实丛书) |
| ISBN 7-301-10895-8:CNY14.00 |
| 本书介绍了研究全球化的方法论原则、全球化的概念和基础、现代科技革命与全球化、唯物史观与现代西方社会发展理论、处于全球化浪潮的中国与中国现代化等。 |
| ● |
| 相关链接 |
|
|
|
正题名:全球化与社会发展理论研究
索取号:D668/L520
 
预约/预借
| 序号 | 登录号 | 条形码 | 馆藏地/架位号 | 状态 | 备注 |
| 1 | 229313 | 202293133 | 社科库509/509社科库 75排7列6层/ [索取号:D668/L520] | 在馆 | |
| 2 | 229314 | 202293142 | 社科库509/509社科库 75排7列6层/ [索取号:D668/L520] | 在馆 | |
| 3 | 229315 | 202293151 | 社科库509/509社科库 75排7列6层/ [索取号:D668/L520] | 在馆 |